000
00246nam a22001217a 4500
008
180228b xxu||||| |||| 00| 0 eng d
041
_a
eng
080
_a
61
100
_a
38
101
_a
MAT
245
_a
PREALGEBRA
_c
JAMIE.B
942
_2
udc
_c
BK
999
_c
43703
_d
43703